| 000 | 01318nam a2200325 i 4500 | ||
|---|---|---|---|
| 003 | EG-ScBUE | ||
| 005 | 20240212101636.0 | ||
| 008 | 171227s2015 ua f 000 0 ara d | ||
| 017 | _a2015 / 11838 | ||
| 020 | _a9789770717097 | ||
| 040 |
_aEG-ScBUE _bara _erda _cEG-ScBUE _dEG-ScBUE |
||
| 043 | _af-ua--- | ||
| 082 | 0 | 4 |
_a962.052 _bس ا د _222 |
| 100 | 1 |
_aسادات، محمد أنور، _d1981-1918، _eمؤلف. |
|
| 245 | 1 | 0 |
_aأسرار الثورة المصرية : _bبواعثها الخفية وأسبابها السيكولوجية / _cبقلم أنور السادات ؛ تقديم جمال عبد الناصر ؛ [إعداد] صديق عفيفي. |
| 264 | 1 |
_aالقاهرة : _bدار الهلال، _c2015. |
|
| 300 |
_a224 صفحة ؛ _c24 سم |
||
| 336 |
_2rdacontent _aنص _btxt |
||
| 337 |
_aبدون وسيط _2rdamedia _bn |
||
| 338 |
_aمجلد _bnc _2rdacarrier |
||
| 541 |
_aأ. محمد فريد خميس ؛ _cإهداء ؛ |
||
| 650 | _2BUEsh | ||
| 651 | 7 |
_aمصر _xتاريخ _yالثورة، 1952. _2BUEsh |
|
| 651 | 7 |
_aمصر _xتاريخ _yفاروق، 1936-1952. _2BUEsh |
|
| 653 |
_bBUSBOL _bGGEN _cDecember2017 |
||
| 655 | _vReading book | ||
| 700 | 0 |
_aجمال عبد الناصر، _d1970-1918، _eمقدم. |
|
| 700 | 1 |
_aعفيفي، صديق، _eمعد. |
|
| 942 | _2ddc | ||
| 999 |
_c25819 _d25791 |
||